Normal view MARC view
  • Electrical Engineering -MS-Thesis

Entry Topical Term

Number of records used in: 291

001 - CONTROL NUMBER

  • control field: 16073

003 - CONTROL NUMBER IDENTIFIER

  • control field: NUST

005 - DATE AND TIME OF LATEST TRANSACTION

  • control field: 20190630132430.0

008 - FIXED-LENGTH DATA ELEMENTS

  • fixed length control field: 190630|| aca||aabn | a|a d

040 ## - CATALOGING SOURCE

  • Original cataloging agency: NUST
  • Transcribing agency: NUST

150 ## - HEADING--TOPICAL TERM

  • Topical term or geographic name entry element: Electrical Engineering -MS-Thesis

670 ## - SOURCE DATA FOUND

  • Source citation: Work cat.: (NUST)525142: Ahmed Khan, Adee 16071, Design of Mixed Signal Readout Integrated Circuit for Infrared Focal Plane Array (IRFPA) sensor /, 2013.
© 2023 Central Library, National University of Sciences and Technology. All Rights Reserved.